000 01550nam a2200385 c 4500
003 BLK
005 20250718104314.0
008 180410b bul|||||r ||||||| ||bul||
010 _aKNG00172057000
020 _a978-619-165-035-4
_bиздат.: Ергон
040 _aBLK
041 _aBUL
_cBUL
072 7 _2bullib
_aН8300
_xРомантична проза Н
080 _aАмериканска литература (на САЩ)
_b821.111(73)
_x-31
_z821.111(73)-31
100 1 _aКлейпас, Лайза
_eпърви автор
_979634
700 1 _aСтефанова, Мирела Стефанова
_eпрев. от англ.
_9367650
139 _aКлейпас, Лайза
_bК 63
245 1 0 _aДявол през зимата
_bРоман
_cЛайза Клейпас; прев. от англ. Мирела Стефанова Стефанова.
257 _aUSA
260 София
_bЕргон
_c2015
_fСофия : Инвестпрес
300 _a288 с.
_c20 см
380 _aX
490 1 _aБиблиотека Любов и Съдба
490 1 _3Подсерия
_aСезони на любовта
_v3
500 _aОриг. загл. Devil in Winter / Lisa Kleypas.
653 _aромантична проза
653 _aромани
659 _aН
852 _aЦб 273008
856 4 _qpdf
_u
856 4 _qpdf
_u
942 _cKNG
_n0
_061
944 _aCR
_c24.02.2015
_lМинев Младен
_k30530
944 _aED
_c19.09.2017
_lф /
_kВиолета_Тройчева
999 _c164541
_d164541